Bayern München Current Squad - Statistics

General Stats
  • This quiz has been taken 60 times
    36 since last reset
  • The average score is 23 of 37
Answer Stats
# Position Nation Player Name % Correct
1 GK Germany Manuel neuer
100%
9 FW England Harry Kane
97%
3 DF South Korea Kim Min-Jae
97%
19 DF Canada Alphonso Davies
94%
8 MF Germany Leon Goretzka
94%
10 FW Germany Leroy Sané
94%
2 DF France Dayot Upamecano
90%
6 MF Germany Joshua Kimmich
90%
11 FW France Kingsley Coman
90%
4 DF Netherlands Matthijs de Ligt
90%
7 FW Germany Serge Gnabry
90%
27 MF Austria Konrad Laimer
84%
26 GK Germany Sven Ulreich
81%
42 MF Germany Jamal Musiala
77%
25 FW Germany Thomas Müller
77%
15 DF England Eric Dier
74%
22 DF Portugal Raphael Guerreiro
74%
13 FW Cameroon Eric Maxim Choupo-Moting
71%
- Coach Germany Thomas Tuchel
65%
45 MF Germany Aleksandar Pavlović
61%
18 GK Israel Daniel Peretz
58%
39 FW France Mathys Tel
58%
40 DF Morocco Noussair Mazraoui
58%
44 DF Croatia Josip Stanišić
55%
20 DF Senegal Bouna Sarr
48%
23 DF France Sacha Boey
45%
17 FW Spain Bryan Zaragoza
42%
36 GK Germany Alexander Nübel
35%
28 DF Germany Tarek Buchmann
32%
- MF Germany Arijon Ibrahimović
29%
41 DF Germany Franz Krätzig
23%
32 MF Croatia Gabriel Vidović
23%
34 MF Croatia Lovro Zvonarek
23%
37 FW United States Malik Tillman
16%
14 MF Austria Paul Wanner
16%
- FW Germany Yusuf Kabadayı
3%
35 GK Germany Johannes Schenck
0%
No matching quizzes found
Score Distribution
Percent of People with Each Score
Percentile by Number Answered
Your Score History
You have not taken this quiz since the last reset